Quiz sur les grands moulins - Statistiques

Statistiques générales
  • Ce quiz a été pris 6 fois
  • Le résultat moyen est 11 sur 15
Statistiques - réponses
Hint Réponse % Correct
Combien y a-t-il de bâtiments au total? 10
100%
Combien y a t il de crous (en comptant les cafet)? 4
100%
Combien de lignes de métro/rer/tram y a-t-il à proximité? 4
100%
Combien d'étage la B.U compte elle? 4
100%
Quelle est la meilleure chose que vous pouvez au crous principal? Frites
100%
Quelles sont les meilleures toilettes entre celles de la B.U, celles de la halle aux farine et celle de Lamarck? Lamarck
100%
Quel est le meilleur batiment? Lamarck B
100%
Est ce que les ascenseurs s de la B.U fonctionnent? Non
100%
Est ce que le campus est beau? Non
100%
Quel est la meilleure chose que vous pouvez manger à la cafet? Cookies
80%
Quel est le cinema le plus proche? Mk2 bibliothèque
40%
Un autre cinema plutot proche? UGC Berçy
40%
Combien y a-t-il d'étudiants? 25 889
20%
Quelle est la superficie du campus? 155 000 m²
0%
Quel sont les coordonnées du campus? 48° 49′ 57″ nord, 2° 22′ 49″ est
0%
Aucun quiz correspondant
Distribution des résultats
% des personnes avec chaque résultat
Percentile par nombre de réponses
Votre historique - résultats
Vous n’avez pas pris ce quiz